Управление на човешките ресурси (Запис номер 19331)
[ съкратено ]
| 000 -Лидер | |
|---|---|
| Контролно поле с фиксирана дължина | 02303nam a2200373 c 4500 |
| 003 - Код на организацията, давaща контролен номер | |
| Контролно поле | BLK |
| 005 - Дата и час на последна редакция | |
| Контролно поле | 20250401162114.0 |
| 008 - Елементи от данни с фиксирана дължина | |
| fixed length control field | 180413b bul|||||r ||||||| ||bul|| |
| 010 ## - Наследен системен номер | |
| LC control number | KNG00021450000 |
| 020 ## - Международен стандартен номер на книга ISBN | |
| Международен стандартен номер на книга ISBN | 954-494-295-5 |
| -- | издат.: Унив. изд. Стопанство - на том |
| 040 ## - Източник на каталожния запис | |
| Идентификатор на билиотеката - собственик на записа | BLK |
| 041 ## - Код за език | |
| Код за езика на текст/звукозапис или на отделно заглавие | Български |
| Код за езика КДБФ | Български |
| 080 ## - УДК | |
| Текстов определител УДК | Разпределение на трудовите ресурси. Заетост. Пазар на труда. Надомна заетост(икон.)Вж и 349.24, трудови борси и бюра, управл. на работ. сила, посредничество и др. Управление на човешките ресурси вж и |
| УДК код - определител по УДК | 331.5 |
| УДК определител | (075.8) |
| УДК - код + определител | 331.5(075.8) |
| 100 1# - Редна дума - Автор | |
| Автор | Владимирова, Катя Иванова |
| Авторска отговорност | първи автор |
| R(LIN) | 364268 |
| 139 ## - Редно поле | |
| Редна дума | Владимирова, Катя Иванова и др. |
| Авторски знак | Владим - В 70 |
| 245 10 - Сведения за заглавието | |
| Заглавие | Управление на човешките ресурси |
| Подзаглавни данни | Орг. развитие : Учебник за студентите от УНСС - София : Ч. 1 - |
| Редно поле (дума) | Катя Иванова Владимирова; съавт. Нако Райнов Стефанов; съавт. Кирил Спасов Йорданов. |
| Том | Ч. 1 |
| 260 ## - Област на издателските данни | |
| -- | София |
| Година на издаване | 1998 - |
| 300 ## - Физическа характеристика | |
| Размери/Мащаб | 24 см |
| 380 ## - Жанр | |
| Жанр | Обществени науки |
| 500 ## - Общи забележки | |
| Забележка | Деп. списък: 13 Изд. на УНСС - София ; Офс. изд ; Вторият авт. известен като Кирил Спасов. |
| 650 #4 - Допълнително описание по предмет – тема | |
| Основно описание – тема или топоним | Трудови ресурси - организация и управление |
| 9 (RLIN) | 245485 |
| 650 #4 - Допълнително описание по предмет – тема | |
| Основно описание – тема или топоним | Управление - трудови ресурси |
| 9 (RLIN) | 246024 |
| 653 ## - Ключова дума – ненормативна | |
| Ключова дума | трудови ресурси |
| 653 ## - Ключова дума – ненормативна | |
| Ключова дума | човешки ресурси |
| 700 1# - Други автори (авторска отговорност) | |
| Лично име | Стефанов, Нако Райнов |
| Автороска отговорност (Описва отношението между автора и произведението) | съавт. |
| 9 (RLIN) | 365380 |
| 700 1# - Други автори (авторска отговорност) | |
| Лично име | Йорданов, Кирил Спасов |
| Автороска отговорност (Описва отношението между автора и произведението) | съавт. |
| 9 (RLIN) | 263705 |
| 760 1# - Описание на основната серия | |
| -- | - на том |
| Редна дума на основното описание | Владимирова, Катя Иванова |
| Място на издаване, издател и година | Унив. изд. Стопанство, 1998 |
| Страници - том | 231 с. : с табл. |
| Заглавие | Ч. 1 |
| 852 ## - Местоположение | |
| Форматна сигнатура | Цб 195874 |
| 856 4# - Електронен адрес и достъп | |
| Електронен формат | pdf - файл |
| Път до файла /url/ | |
| 856 4# - Електронен адрес и достъп | |
| Електронен формат | pdf - файл |
| Път до файла /url/ | |
| 942 ## - АРТИКУЛИ | |
| Вид на библиотечния материал | Книги |
| Скрит в OPAC | Не |
| Koha issues (borrowed), all copies | 1 |
| 944 ## - СЪЗДАВАНЕ И РЕДАКЦИЯ на ЗАПИСА | |
| Създаване/Редакция | Създаване |
| Дата на регистрацията/редакция | 15.01.2003 |
| Служител, извършил регистрацията/редакцията | 30531 |
| Статус, дата на статуса | Цветелина Шанова |
| 944 ## - СЪЗДАВАНЕ И РЕДАКЦИЯ на ЗАПИСА | |
| Създаване/Редакция | Редакция |
| Дата на регистрацията/редакция | 10.08.2015 |
| Служител, извършил регистрацията/редакцията | Геновева_Генчева |
| 999 ## - СИСТЕМНИ КОНТРОЛНИ НОМЕРА | |
| Koha biblionumber | 19331 |
| Koha biblioitemnumber | 19331 |
| Код за отписване | Код за изгубен артикул | Източник на класификационната схема | Код за повреда | Коз за рестрикции | Код за отдаване | Артикулен № | Име на библиотеката - собственик | Име на библиотеката, в която се намира в момента | Статус (Текущо местоположение) | Дата на вписване в системата | Местоположение - отдел | Цена в лева | Инвентарен номер | Систематично азбучна сигнатура | Баркод | Номер на екземпляра | Цена в евро | Служебна бележка | Служебен тип на артикула |
|---|---|---|---|---|---|---|---|---|---|---|---|---|---|---|---|---|---|---|---|
| Не е изгубен | Universal Decimal Classification | Не е повреден | без рестрикции | ползва се в читалня | 32247 | Регионална библиотека "Любен Каравелов" Русе | Регионална библиотека "Любен Каравелов" Русе | Хранилище | 1998-01-01 | Хранилище | 0.00 | 639601 | Цб 195874 | 120000639601 | 1 | 0.00 | Дост: Dp Вид: Д N: 13 Дата: 01.01.1998 | Книги | |
| Не е изгубен | Universal Decimal Classification | Не е повреден | без рестрикции | ползва се в читалня | 32248 | Регионална библиотека "Любен Каравелов" Русе | Регионална библиотека "Любен Каравелов" Русе | Читалня | 1998-01-01 | Читалня | 5.50 | 638651 | Ч 331/В 70 | 120000638651 | 2 | 2.81 | Дост: Pk Вид: Ф N: стар фонд Дата: 01.01.1998 Дата инв: 22.03.2017 Бележки инв: Ч2017 | Книги | |
| Не е изгубен | Universal Decimal Classification | Не е повреден | заемане за дома | 755324 | Регионална библиотека "Любен Каравелов" Русе | Регионална библиотека "Любен Каравелов" Русе | Заемна - подръчен фонд | 2020-02-07 | Заемна - подръчен фонд | 4.60 | П 331.5/В 70 | 120000842430 | 2.35 | Книги |